000
00196 a2200097 4500
001
47367
100
_a
Terrainc J
245
_a
Mons
260
_a
London
_b
B T batsford
_c
090
_c
30402
_d
30402
942
_a
NUST-CAE
_c
M
_c
22673
999
_c
282440
_d
282440